Numerical methods with MATLAB : a resource for scientists and engineers /

Linear analysis and matrices. MATLAB applied to functions of a single variable. Functions of two or more variables. Data analysis and modeling. Differential equations. Programming in MATLAB.

Gespeichert in:
Bibliographische Detailangaben
1. Verfasser: Borse, Garold J.
Format: Buch
Sprache:English
Veröffentlicht: Boston, MA : PWS, 1997.
Schlagworte:
Tags: Tag hinzufügen
Keine Tags, Fügen Sie den ersten Tag hinzu!
Thư viện lưu trữ: Mạng thư viện Đại học Đà Nẵng
LEADER 01130cam a2200361 i 4500
001 000047461
003 7138
005 20030311105526.0
008 010324|1997 vm 000 eng
020 |a 0534938221 
040 |a IRC  |c IRC  |d IRC 
041 0 |a eng 
082 1 4 |a 519.4028553042  |b BO-G 
100 1 |a Borse, Garold J. 
245 0 0 |a Numerical methods with MATLAB :  |b a resource for scientists and engineers /  |c G. J. Borse. 
260 |a Boston, MA :  |b PWS,  |c 1997. 
300 |a xvi, 640 p. :  |b ill. ;  |c 24cm. 
520 3 |a Linear analysis and matrices. MATLAB applied to functions of a single variable. Functions of two or more variables. Data analysis and modeling. Differential equations. Programming in MATLAB. 
630 0 4 |a Matlab. 
630 0 4 |a Data processing. 
630 0 4 |a Numerical analysis. 
650 0 4 |a Numerical analysis  |x Data processing. 
650 0 4 |a MATLAB. 
OWN |a DUT 
999 |a From the UDN01 
TYP |a Monograph 
TYP |a Printed language 
980 |a Mạng thư viện Đại học Đà Nẵng